| 000 | 00459nam a2200193Ia 4500 | ||
|---|---|---|---|
| 003 | OSt | ||
| 005 | 20240315143958.0 | ||
| 008 | 210210b1928 xxu||||| |||| 00| 0 eng d | ||
| 040 | _cAL | ||
| 041 | _aeng | ||
| 082 | _a824/144 | ||
| 100 |
_aHARRISON (G B) _9154674 |
||
| 245 | _aShakespeare | ||
| 260 |
_aLondon _bErnest Benn Limited _c1928 |
||
| 650 |
_aShakespeare _9154675 |
||
| 690 |
_aEnglish Criticism _9154676 |
||
| 906 | _a014098 | ||
| 942 |
_2ddc _cBK |
||
| 999 |
_c133196 _d133196 |
||